Nuthin' But a ,,G" Thang - Dr. Dre feat. Snoop Dogg (Full lyrics) - Statistics

General Stats
  • This quiz has been taken 15 times
  • The average score is 448 of 681
Answer Stats
Lyrics % Correct
baby
100%
but
100%
But,
100%
But
100%
"G"
100%
G
100%
no
100%
nothin'
100%
then
100%
a
93%
a—
93%
Ain't
93%
ain't
93%
an
93%
and
93%
And
93%
at
93%
At
93%
back
93%
back,
93%
be
93%
Compton
93%
C-O-M-P-T-O-N
93%
do,
93%
do
93%
D-O-double-G,
93%
Dogg
93%
Doggy
93%
door
93%
Dr.
93%
Dre
93%
Dre,
93%
entrance
93%
four
93%
Give
93%
give
93%
I
93%
in
93%
is
93%
Is
93%
make
93%
me
93%
on
93%
One,
93%
Ready
93%
S,
93%
shit
93%
shit,
93%
Snoop
93%
so
93%
So
93%
So,
93%
thang,
93%
the
93%
three
93%
to
93%
To
93%
two,
93%
Two
93%
um,
93%
up
93%
you
93%
You
93%
about
86%
Beach
86%
'bout
86%
crazy
86%
Death
86%
D-O-double-G-Y,
86%
know
86%
know,
86%
label
86%
like
86%
Like
86%
Long
86%
pays
86%
Row
86%
than
86%
that
86%
this
86%
this,
86%
We
86%
can
79%
'Cause
79%
'cause
79%
don't
79%
I'm
79%
mic
79%
mic,
79%
micstro
79%
now
79%
Now,
79%
Now
79%
please
79%
together,
79%
together
79%
trouble
79%
try
79%
Try
79%
bubble
71%
bust
71%
first,
71%
hand
71%
it
71%
it's
71%
It's
71%
microphone
71%
nigga
71%
one
71%
out
71%
where
71%
chill
64%
goin'
64%
just
64%
loced
64%
niggas
64%
we're
64%
dope
57%
dope,
57%
'em
57%
episode
57%
fade
57%
lecture
57%
next
57%
of
57%
Of
57%
Perfection
57%
rip
57%
Unfadeable
57%
what
57%
your
57%
before
50%
for
50%
From
50%
fuck
50%
man
50%
my
50%
My
50%
never
50%
Never
50%
some
50%
'til
50%
tock
50%
when
50%
When
50%
who
50%
ass
43%
bitch,
43%
burnin'
43%
could
43%
creep
43%
down,
43%
down
43%
feel
43%
funky
43%
get
43%
gives
43%
got
43%
G's
43%
have
43%
her
43%
homie
43%
how
43%
if
43%
If
43%
perfected,
43%
she
43%
that's
43%
they
43%
time
43%
with
43%
With
43%
all
36%
been
36%
better
36%
bitches
36%
city
36%
clue
36%
contraceptive
36%
creepin'
36%
enough
36%
find
36%
good
36%
Gotta
36%
gotta
36%
hoes
36%
I'll
36%
kick
36%
let
36%
Lieutenant
36%
off
36%
off,
36%
perspective
36%
pussy
36%
put
36%
relax,
36%
ride
36%
same
36%
sit
36%
take
36%
those?
36%
tick
36%
understand
36%
want
36%
Well,
36%
Yeah,
36%
young
36%
belt
29%
break
29%
bumpin'
29%
call
29%
choke
29%
clock
29%
control
29%
D.O.C.,
29%
earnin'
29%
felt
29%
gangster
29%
learnin'
29%
old
29%
quit
29%
rhyme
29%
seat
29%
strap
29%
while
29%
came
21%
collard
21%
dawn
21%
Fallin'
21%
fresh,
21%
greens
21%
has
21%
hookers
21%
I'ma
21%
kept
21%
lean
21%
oh,
21%
peepin'
21%
phantom
21%
piece
21%
see
21%
selection
21%
slip,
21%
slippin'
21%
smack
21%
somethin'
21%
stop
21%
Symbolizes
21%
told
21%
yes,
21%
you'll
21%
add
14%
always
14%
batch
14%
beeper
14%
beepin'
14%
capital
14%
chunk
14%
collection,
14%
damn
14%
flex
14%
Gettin'
14%
impression
14%
mack
14%
makin'
14%
mood
14%
motherfucker
14%
motherfuckin'
14%
near
14%
place,
14%
producer
14%
proper
14%
Puttin'
14%
rap
14%
Real-Deal
14%
realer
14%
smacked
14%
small
14%
stuff
14%
takes
14%
talk
14%
toke,
14%
trippin'
14%
attention
7%
broke
7%
burnt
7%
caught
7%
clockin'
7%
close
7%
continue
7%
cookie,
7%
crumble
7%
dig
7%
Droppin'
7%
grip
7%
hellafied
7%
Holyfield
7%
lynchin'
7%
Mobbin'
7%
much
7%
mumble
7%
name
7%
N-double-O-P
7%
nina,
7%
Pimpin'
7%
Showin'
7%
straight
7%
sucker
7%
think
7%
was
7%
wreck
7%
asked,
0%
ass'll
0%
Dolemite
0%
flow
0%
No matching quizzes found
Score Distribution
Percent of People with Each Score
Percentile by Number Answered
Your Score History
You have not taken this quiz